000 00344nam a2200133Ia 4500
008 240624s9999 xx 000 0 und d
041 _aeng
082 _a330.973 SLA
100 _aSLAVIN STEVE
245 _aGREAT AMERICAN ECONOMY HOW INEFFICIENCY
260 _c2017
_aNew York
_bPrometheus Books
300 _a414 p.; 23 cm.
365 _c
_b33
999 _c32250
_d32250